<?xml version='1.0' encoding='UTF-8'?><?xml-stylesheet href='static/style.xsl' type='text/xsl'?><OAI-PMH xmlns="http://www.openarchives.org/OAI/2.0/" xmlns:xsi="http://www.w3.org/2001/XMLSchema-instance" xsi:schemaLocation="http://www.openarchives.org/OAI/2.0/ http://www.openarchives.org/OAI/2.0/OAI-PMH.xsd"><responseDate>2026-04-30T16:40:00Z</responseDate><request verb="GetRecord" identifier="oai:ebiltegia.mondragon.edu:20.500.11984/4793" metadataPrefix="marc">https://ebiltegia.mondragon.edu/oai/request</request><GetRecord><record><header><identifier>oai:ebiltegia.mondragon.edu:20.500.11984/4793</identifier><datestamp>2024-01-04T21:57:01Z</datestamp><setSpec>com_20.500.11984_1736</setSpec><setSpec>com_20.500.11984_1627</setSpec><setSpec>col_20.500.11984_1972</setSpec></header><metadata><record xmlns="http://www.loc.gov/MARC21/slim" xmlns:dcterms="http://purl.org/dc/terms/" xmlns:xsi="http://www.w3.org/2001/XMLSchema-instance" xmlns:doc="http://www.lyncode.com/xoai" xsi:schemaLocation="http://www.loc.gov/MARC21/slim http://www.loc.gov/standards/marcxml/schema/MARC21slim.xsd">
   <leader>00925njm 22002777a 4500</leader>
   <datafield ind2=" " ind1=" " tag="042">
      <subfield code="a">dc</subfield>
   </datafield>
   <datafield ind2=" " ind1=" " tag="720">
      <subfield code="a">Mondragon Unibertsitatea</subfield>
      <subfield code="e">author</subfield>
   </datafield>
   <datafield ind2=" " ind1=" " tag="260">
      <subfield code="c">2016-10-17</subfield>
   </datafield>
   <datafield ind2=" " ind1=" " tag="520">
      <subfield code="a">Pasa den urriaren 14an jarri zuten abian Kooperatibagintzan Aditu Tituluaren 9. edizioa. Aurtengo edizioan, 14 kooperatiba desberdinetatik etorritako 25 lagunek hartuko dute parte, gehienak organoetako kideak. Ikastaroaren aurkezpen ekitaldia Eskoriatzako campusean egin zuten, baina, eskolak emango dira, ostiralero, Aretxabaletako Otaloran. Orain hasi den ikastaroa bukatuko da 2017ko martxoaren 31n.</subfield>
   </datafield>
   <datafield ind2=" " ind1=" " tag="520">
      <subfield code="a">El pasado día 14 de octubre, dio comienzo la novena edición del Título Experto en Desarrollo Cooperativo. La presentación, que se llevó a cabo en el campus de Eskoriatza, contó con la presencia de los 25 participantes venidos de 14 cooperativas diferentes. El curso, que se impartirá en Otalora, se prolongará hasta el 31 de marzo de 2017.</subfield>
   </datafield>
   <datafield ind1="8" ind2=" " tag="024">
      <subfield code="a">https://hdl.handle.net/20.500.11984/4793</subfield>
   </datafield>
   <datafield tag="653" ind2=" " ind1=" ">
      <subfield code="a">Humanitate eta Hezkuntza Zientzien Fakultatea</subfield>
   </datafield>
   <datafield ind2="0" ind1="0" tag="245">
      <subfield code="a">Jarri dute abian Kooperatibagintzan Aditu Tituluaren 9. edizioa</subfield>
   </datafield>
   <datafield ind2="0" ind1="0" tag="245">
      <subfield code="a">Ha comenzado la novena edición del Título Experto en Desarrollo Cooperativo</subfield>
   </datafield>
</record></metadata></record></GetRecord></OAI-PMH>